[Event "Copa Latina 2015"]
[Site "Vicente Lopez ARG"]
[Date "2015.03.23"]
[Round "7.13"]
[White "Dos Santos, Ramiro"]
[Black "Sztokbant, Bernardo Vainzoff"]
[Result "1-0"]
[WhiteElo "2431"]
[BlackElo "2237"]
[PlyCount "91"]
[EventDate "2015.03.19"]
[EventType "swiss"]
[EventRounds "9"]
[EventCountry "ARG"]
[Source "lmi"]
[SourceDate "2015.03.19"]

1. e4 e5 2. Nf3 Nc6 3. Bb5 a6 4. Bxc6 dxc6 5. O-O f6 6. d4 Bg4 7. c3 Bd6 8. Be3
Ne7 9. Nbd2 Ng6 10. h3 Be6 11. dxe5 fxe5 12. Ng5 Bg8 13. b4 h6 14. Ngf3 Be6 15.
Qe2 Qf6 16. Nh2 O-O 17. Ng4 Qf7 18. a3 Nf4 19. Bxf4 Qxf4 20. g3 Qf7 21. Kg2 h5
22. Ne3 Qg6 23. c4 c5 24. Rab1 b6 25. Nd5 Rf7 26. Nf3 Raf8 27. Nh4 Qh6 28. Rbd1
g5 29. Qd2 Qg7 30. Nf5 Bxf5 31. exf5 Rxf5 32. Nxb6 Qf7 33. Nd5 Kh8 34. b5 a5
35. Ne3 Rf6 36. Qe2 Kg7 37. g4 h4 38. Nf5+ Rxf5 39. gxf5 Rh8 40. Qg4 Kf6 41. a4
Qh7 42. Rd3 Rb8 43. Kh1 Qh8 44. Rg1 Qh6 45. Qe4 Qf8 46. f4 1-0

[Event "Copa Latina 2015"]
[Site "Vicente Lopez ARG"]
[Date "2015.03.23"]
[Round "7.15"]
[White "Della Morte, German"]
[Black "Avila, Lucas"]
[Result "1-0"]
[WhiteElo "2401"]
[BlackElo "2205"]
[PlyCount "61"]
[EventDate "2015.03.19"]
[EventType "swiss"]
[EventRounds "9"]
[EventCountry "ARG"]
[Source "lmi"]
[SourceDate "2015.03.19"]

1. e4 e5 2. Nf3 Nc6 3. Bc4 Nf6 4. d3 Be7 5. O-O O-O 6. Re1 d6 7. a4 Na5 8. Ba2
c5 9. Na3 Be6 10. Bxe6 fxe6 11. Bd2 Nc6 12. Nc4 Qd7 13. c3 Nh5 14. Nfxe5 dxe5
15. Qxh5 Qxd3 16. Qe2 Rad8 17. Qxd3 Rxd3 18. Be3 Rfd8 19. Kf1 Kf7 20. Ke2 Kf6
21. h4 R8d7 22. Rf1 Rd8 23. f4 exf4 24. Rxf4+ Kg6 25. Rg4+ Kf7 26. Rf1+ Kg8 27.
Bh6 Bf8 28. Rxf8+ Kxf8 29. Rxg7 Ke8 30. Rxb7 R3d7 31. Rb5 1-0

[Event "Copa Latina 2015"]
[Site "Vicente Lopez ARG"]
[Date "2015.03.23"]
[Round "7.19"]
[White "Blit, Jacques"]
[Black "Sanchez Sandoval, Gonzalo"]
[Result "1/2-1/2"]
[WhiteElo "2325"]
[BlackElo "2193"]
[PlyCount "36"]
[EventDate "2015.03.19"]
[EventType "swiss"]
[EventRounds "9"]
[EventCountry "ARG"]
[Source "lmi"]
[SourceDate "2015.03.19"]

1. f4 g6 2. Nf3 Bg7 3. g3 d6 4. Bg2 e5 5. O-O e4 6. Ng5 d5 7. d3 h6 8. Nh3 Nf6
9. Nf2 exd3 10. cxd3 d4 11. Qb3 c6 12. Nd2 O-O 13. Nfe4 Nd5 14. Nc4 Kh7 15.
Ncd6 f5 16. Nxc8 fxe4 17. dxe4 Nc7 18. Bh3 Nba6 1/2-1/2

[Event "Copa Latina 2015"]
[Site "Vicente Lopez ARG"]
[Date "2015.03.23"]
[Round "7.20"]
[White "Tokman, Ariel"]
[Black "Molina, Pablo Sebastian"]
[Result "1-0"]
[WhiteElo "2320"]
[BlackElo "2115"]
[PlyCount "131"]
[EventDate "2015.03.19"]
[EventType "swiss"]
[EventRounds "9"]
[EventCountry "ARG"]
[Source "lmi"]
[SourceDate "2015.03.19"]

1. c4 Nf6 2. Nf3 c6 3. e3 d5 4. b3 Bf5 5. Bb2 Nbd7 6. Be2 e6 7. O-O Bd6 8. d4
Qb8 9. Ba3 O-O 10. Bxd6 Qxd6 11. Nh4 Bg6 12. Nxg6 fxg6 13. Nc3 a6 14. c5 Qe7
15. f4 Kh8 16. b4 Ng8 17. Qd2 Nh6 18. a4 Nf5 19. Bg4 Qh4 20. Bf3 Qe7 21. g3 b5
22. axb5 axb5 23. e4 Nh6 24. Rfe1 Qf6 25. Bg2 Rfd8 26. Bh3 Nf8 27. e5 Qf7 28.
Ra5 Rac8 29. Rea1 Rc7 30. Ra6 Rdc8 31. Bf1 Qd7 32. Ne2 Nf7 33. R1a3 Qd8 34. Nc1
g5 35. Ne2 g4 36. Nc3 Qd7 37. Be2 Nh6 38. Nd1 Qf7 39. Nf2 Qg6 40. Qd3 Qxd3 41.
Rxd3 g6 42. Nxg4 Nxg4 43. Bxg4 Kg7 44. Rda3 Kf7 45. Kg2 Ke7 46. h4 Nd7 47. h5
Nf8 48. Ra1 Kf7 49. hxg6+ hxg6 50. Be2 Kg7 51. g4 Kf7 52. Kg3 Kg7 53. Bd3 Kf7
54. Rh1 Kg7 55. Rha1 Rf7 56. Ra7 Rcc7 57. Rxc7 Rxc7 58. Ra8 Kf7 59. Kh4 Kg7 60.
f5 Nd7 61. f6+ Kf7 62. Rh8 Nf8 63. Kg5 Rd7 64. Bxg6+ Nxg6 65. Rh7+ Kf8 66. Kxg6
1-0

[Event "Copa Latina 2015"]
[Site "Vicente Lopez ARG"]
[Date "2015.03.23"]
[Round "7.21"]
[White "Seia, Diego"]
[Black "Muniz, Rafael"]
[Result "0-1"]
[WhiteElo "2189"]
[BlackElo "2268"]
[PlyCount "62"]
[EventDate "2015.03.19"]
[EventType "swiss"]
[EventRounds "9"]
[EventCountry "ARG"]
[Source "lmi"]
[SourceDate "2015.03.19"]

1. d4 Nf6 2. c4 e6 3. Nc3 Bb4 4. f3 c5 5. d5 Bxc3+ 6. bxc3 Qa5 7. e4 Qxc3+ 8.
Bd2 Qe5 9. Ne2 exd5 10. cxd5 d6 11. Bc3 Qe7 12. g4 O-O 13. Ng3 Na6 14. Be2 Nc7
15. Qd2 Nfe8 16. Kf2 Qh4 17. Rag1 b5 18. Ke1 b4 19. Bb2 Rb8 20. Kd1 Nb5 21.
Bxb5 Rxb5 22. Nh5 Ra5 23. Bxg7 Nxg7 24. Qh6 Ne8 25. g5 Qxh5 26. Qxh5 Rxa2 27.
Kc1 b3 28. f4 c4 29. Qf3 c3 30. Kd1 Rd2+ 31. Ke1 b2 0-1

[Event "Copa Latina 2015"]
[Site "Vicente Lopez ARG"]
[Date "2015.03.23"]
[Round "7.22"]
[White "Fabrega, Enrique"]
[Black "Munoz, Francisco Javier"]
[Result "0-1"]
[WhiteElo "2146"]
[BlackElo "2259"]
[PlyCount "104"]
[EventDate "2015.03.19"]
[EventType "swiss"]
[EventRounds "9"]
[EventCountry "ARG"]
[Source "lmi"]
[SourceDate "2015.03.19"]

1. d4 d5 2. Nf3 Nf6 3. c4 c6 4. g3 Bf5 5. Qb3 Qb6 6. Qxb6 axb6 7. cxd5 Nxd5 8.
Bd2 e6 9. Bg2 Bxb1 10. Rxb1 Rxa2 11. O-O Be7 12. Ra1 Ra6 13. Rfc1 O-O 14. e4
Nf6 15. Ne5 Rd8 16. Be3 h6 17. f3 Ne8 18. Rxa6 Nxa6 19. d5 exd5 20. Bxb6 Rd6
21. Bf1 Nec7 22. Nd3 dxe4 23. fxe4 Ne6 24. Ne5 c5 25. Nc4 Rd4 26. e5 Nb4 27.
Ra1 Nd5 28. Ra8+ Kh7 29. Ba5 b5 30. Nd6 Ne3 31. Bxb5 Bxd6 32. exd6 Rxd6 33. Ra7
f6 34. Ra6 Rxa6 35. Bxa6 Kg6 36. Bd3+ Kf7 37. Bd2 Ng4 38. Be2 Ne5 39. Bc3 Nd4
40. Bd1 Nd3 41. Kf1 Ke6 42. Be2 Nxe2 43. Kxe2 Nb4 44. b3 h5 45. Bd2 Kd5 46. Ke3
Nc2+ 47. Kd3 Nd4 48. Kc3 Nf3 49. Be3 Nxh2 50. b4 cxb4+ 51. Kxb4 Ke4 52. Bb6 Nf1
0-1

[Event "Copa Latina 2015"]
[Site "Vicente Lopez ARG"]
[Date "2015.03.23"]
[Round "7.24"]
[White "Restuccia, Francisco"]
[Black "Mayorga, Nicolas"]
[Result "1-0"]
[WhiteElo "2079"]
[BlackElo "2325"]
[PlyCount "71"]
[EventDate "2015.03.19"]
[EventType "swiss"]
[EventRounds "9"]
[EventCountry "ARG"]
[Source "lmi"]
[SourceDate "2015.03.19"]

1. e4 c5 2. c3 Nf6 3. e5 Nd5 4. d4 cxd4 5. Qxd4 e6 6. Bc4 Nc6 7. Qe4 Nb6 8. Bb3
d5 9. Qe2 Nd7 10. f4 Nc5 11. Nf3 b6 12. Bc2 a5 13. Na3 Ba6 14. Nb5 Be7 15. O-O
a4 16. Rd1 O-O 17. Be3 Qc8 18. Kh1 Na7 19. c4 dxc4 20. Nd6 Qc7 21. Bxc5 Qxc5
22. Bxh7+ Kxh7 23. Ne4 c3 24. Qc2 g6 25. Nxc5 Bxc5 26. Ng5+ Kg7 27. Qxc3 Bb5
28. f5 exf5 29. e6+ f6 30. e7 Bxe7 31. Ne6+ Kf7 32. Nxf8 Rxf8 33. Qc7 Nc8 34.
Rd5 Be2 35. Re1 Bh5 36. Rd7 1-0

[Event "Copa Latina 2015"]
[Site "Vicente Lopez ARG"]
[Date "2015.03.23"]
[Round "7.27"]
[White "Amato, Leonel"]
[Black "Quiroga, Facundo"]
[Result "0-1"]
[WhiteElo "2064"]
[BlackElo "2261"]
[PlyCount "100"]
[EventDate "2015.03.19"]
[EventType "swiss"]
[EventRounds "9"]
[EventCountry "ARG"]
[Source "lmi"]
[SourceDate "2015.03.19"]

1. d4 Nf6 2. Bg5 Ne4 3. Bf4 d5 4. e3 Nd7 5. Bd3 Ndf6 6. Nd2 Nxd2 7. Qxd2 e6 8.
Nf3 c5 9. c3 Be7 10. O-O O-O 11. Bg5 b6 12. Ne5 Bb7 13. Bxf6 gxf6 14. Nf3 a5
15. Qe2 Kh8 16. Ne1 f5 17. Qh5 Qe8 18. f4 f6 19. Qxe8 Rfxe8 20. Nc2 Ba6 21.
Bxa6 Rxa6 22. a4 Rb8 23. Rfe1 c4 24. Na3 Bxa3 25. Rxa3 b5 26. axb5 Rxb5 27. Re2
Kg7 28. Kf2 a4 29. Rc2 Kf7 30. Kg3 Rb8 31. h3 h5 32. Kf3 Ke7 33. Ke2 Kd7 34.
Ra1 Kc6 35. Rac1 Rab6 36. Ra1 Rxb2 37. Kd2 Rxc2+ 38. Kxc2 Rg8 39. Rxa4 Rxg2+
40. Kd1 Rh2 41. Ra6+ Kd7 42. Ra7+ Kd6 43. Ra6+ Ke7 44. Ra7+ Kf8 45. Ra6 Kf7 46.
Ra7+ Kg6 47. Ra6 h4 48. Rxe6 Rxh3 49. Ke2 Rh2+ 50. Kf3 Rc2 0-1

[Event "Copa Latina 2015"]
[Site "Vicente Lopez ARG"]
[Date "2015.03.23"]
[Round "7.29"]
[White "Penafiel, Horacio"]
[Black "Bernal, Lucas"]
[Result "1-0"]
[WhiteElo "2233"]
[BlackElo "1933"]
[PlyCount "77"]
[EventDate "2015.03.19"]
[EventType "swiss"]
[EventRounds "9"]
[EventCountry "ARG"]
[Source "lmi"]
[SourceDate "2015.03.19"]

1. d4 d5 2. c4 c6 3. Nf3 Nf6 4. Nc3 e6 5. e3 Nbd7 6. Bd3 dxc4 7. Bxc4 b5 8. Bd3
a6 9. e4 c5 10. e5 cxd4 11. Nxb5 Nxe5 12. Nxe5 axb5 13. O-O Qd5 14. Qe2 Rb8 15.
Bg5 Be7 16. f4 O-O 17. Rae1 h6 18. Bh4 Bb7 19. Rf3 Qd6 20. Rg3 Ne8 21. Qh5 Bxh4
22. Qxh6 f5 23. Qxh4 Qd8 24. Qh5 Nf6 25. Qg6 Qe7 26. Qg5 Nd5 27. Qxe7 Nxe7 28.
Nd7 Bd5 29. Nxb8 Rxb8 30. a3 Kf7 31. Bf1 Bc4 32. b3 Bd5 33. Rc1 Nc6 34. b4 Rb7
35. Rc5 Na7 36. Rd3 Kf6 37. Rxd4 g5 38. fxg5+ Kxg5 39. Kf2 1-0

[Event "Copa Latina 2015"]
[Site "Vicente Lopez ARG"]
[Date "2015.03.23"]
[Round "7.30"]
[White "Calens, Diego"]
[Black "Fernandez, Maria Florencia"]
[Result "0-1"]
[WhiteElo "2059"]
[BlackElo "2187"]
[PlyCount "68"]
[EventDate "2015.03.19"]
[EventType "swiss"]
[EventRounds "9"]
[EventCountry "ARG"]
[Source "lmi"]
[SourceDate "2015.03.19"]

1. e4 c5 2. Nf3 d6 3. d4 cxd4 4. Nxd4 Nf6 5. f3 g6 6. c4 Bg7 7. Be3 O-O 8. Nc3
Nc6 9. Qd2 Bd7 10. Be2 Ne5 11. O-O Rc8 12. b3 a5 13. Rac1 Bc6 14. Rfd1 Ned7 15.
a3 Ne5 16. Nxc6 Nxc6 17. Nd5 Nd7 18. b4 axb4 19. axb4 Ra8 20. c5 dxc5 21. bxc5
Ra3 22. Bf2 Ndb8 23. Qe1 e6 24. Nb6 Nd4 25. Kh1 Nbc6 26. Bc4 Qg5 27. Rd3 Rxd3
28. Bxd3 Qh5 29. Bf1 Rd8 30. Bg1 Bh6 31. Be3 Nxf3 32. gxf3 Qxf3+ 33. Bg2 Qxe3
34. Qxe3 Bxe3 0-1

[Event "Copa Latina 2015"]
[Site "Vicente Lopez ARG"]
[Date "2015.03.23"]
[Round "7.31"]
[White "Torres, Federico"]
[Black "Rengifo Blancas, Renzo Jhonath"]
[Result "1-0"]
[WhiteElo "2152"]
[BlackElo "1884"]
[PlyCount "77"]
[EventDate "2015.03.19"]
[EventType "swiss"]
[EventRounds "9"]
[EventCountry "ARG"]
[Source "lmi"]
[SourceDate "2015.03.19"]

1. e4 c5 2. Nf3 e6 3. d3 Nc6 4. g3 Nf6 5. Bg2 d5 6. Nbd2 Be7 7. O-O O-O 8. Re1
b5 9. Qe2 a5 10. h4 a4 11. e5 Nd7 12. Nf1 b4 13. Bf4 a3 14. b3 Ba6 15. Ne3 Re8
16. Bh3 Bf8 17. Ng4 Rc8 18. Rac1 Nb6 19. Ne3 Na8 20. Ng5 h6 21. Nf3 Nc7 22. g4
Nd4 23. Nxd4 Qxh4 24. Kg2 cxd4 25. Nd1 Nb5 26. Qf3 Qd8 27. Bd2 Rc7 28. Rh1 Be7
29. Qg3 Bh4 30. Qh2 Qc8 31. g5 Rxc2 32. gxh6 Rxc1 33. Qf4 Rxd1 34. Qxh4 Qd8 35.
Bg5 f6 36. exf6 gxh6 37. Qxh6 Qd7 38. Bxe6+ Rxe6 39. Qg6+ 1-0

[Event "Copa Latina 2015"]
[Site "Vicente Lopez ARG"]
[Date "2015.03.23"]
[Round "7.32"]
[White "Franco, Gaston"]
[Black "Palmero, Pablo"]
[Result "0-1"]
[WhiteElo "2037"]
[BlackElo "2104"]
[PlyCount "66"]
[EventDate "2015.03.19"]
[EventType "swiss"]
[EventRounds "9"]
[EventCountry "ARG"]
[Source "lmi"]
[SourceDate "2015.03.19"]

1. e4 c5 2. Nf3 d6 3. d4 cxd4 4. Nxd4 Nf6 5. Nc3 a6 6. Bc4 e6 7. Bb3 Nbd7 8.
O-O Nc5 9. Qe2 Be7 10. Kh1 O-O 11. f4 d5 12. exd5 Nxb3 13. cxb3 Nxd5 14. Nc2 b5
15. Ne3 Nxc3 16. bxc3 Bb7 17. c4 Bf6 18. Bb2 Bxb2 19. Qxb2 Qd3 20. Rfe1 Rad8
21. cxb5 Qxb5 22. Nc4 Rd5 23. Rad1 Rfd8 24. Qe2 h6 25. h3 Rxd1 26. Rxd1 Rxd1+
27. Qxd1 Qf5 28. Qg4 Qb1+ 29. Kh2 Qxa2 30. Ne5 a5 31. Qg3 Bd5 32. Qg4 Qxb3 33.
Qh4 Qb2 0-1

[Event "Copa Latina 2015"]
[Site "Vicente Lopez ARG"]
[Date "2015.03.23"]
[Round "7.35"]
[White "Alvarez, Alberto Elias"]
[Black "Carraro, Denise"]
[Result "1/2-1/2"]
[WhiteElo "1967"]
[BlackElo "2099"]
[PlyCount "103"]
[EventDate "2015.03.19"]
[EventType "swiss"]
[EventRounds "9"]
[EventCountry "ARG"]
[Source "lmi"]
[SourceDate "2015.03.19"]

1. e4 g6 2. d4 d6 3. Nc3 Bg7 4. f4 a6 5. a4 b6 6. Nf3 Nd7 7. Bd3 e6 8. O-O Ne7
9. Be3 O-O 10. Qd2 c5 11. Ne2 Nf6 12. c3 Ng4 13. Bf2 Nxf2 14. Rxf2 cxd4 15.
Nfxd4 e5 16. Nc2 Bb7 17. f5 f6 18. Ng3 gxf5 19. Nxf5 Nxf5 20. Rxf5 d5 21. Qe2
dxe4 22. Bxe4 Bxe4 23. Qxe4 Qd6 24. Ne3 Rad8 25. Qc4+ Kh8 26. Rd1 Qc5 27. Qxc5
Rxd1+ 28. Nxd1 bxc5 29. Kf2 Bh6 30. Ke2 Kg7 31. g4 Rd8 32. Ne3 Rb8 33. Nc4 Bg5
34. Rf1 Bf4 35. h3 Rd8 36. Rf3 Kh6 37. h4 Rd7 38. Rd3 Rxd3 39. Kxd3 Bg3 40. Ke2
Kg6 41. h5+ Kg5 42. Kf3 Bf4 43. Nd6 Bc1 44. b4 cxb4 45. cxb4 f5 46. Nxf5 Ba3
47. b5 axb5 48. axb5 e4+ 49. Kxe4 Kxg4 50. b6 Bc5 51. b7 Ba7 52. Ne7 1/2-1/2

[Event "Copa Latina 2015"]
[Site "Vicente Lopez ARG"]
[Date "2015.03.23"]
[Round "7.36"]
[White "Romanelli, Gabriel"]
[Black "Albistur, Damian"]
[Result "1-0"]
[WhiteElo "2090"]
[BlackElo "1860"]
[PlyCount "89"]
[EventDate "2015.03.19"]
[EventType "swiss"]
[EventRounds "9"]
[EventCountry "ARG"]
[Source "lmi"]
[SourceDate "2015.03.19"]

1. Nf3 Nf6 2. g3 e6 3. Bg2 d5 4. O-O c5 5. c4 d4 6. b4 cxb4 7. a3 bxa3 8. d3
Nc6 9. Qa4 Bd7 10. Bxa3 Bxa3 11. Qxa3 Qe7 12. Nbd2 e5 13. Ng5 b6 14. Rfb1 Qxa3
15. Rxa3 Ke7 16. Rba1 a5 17. Rb1 Rab8 18. h3 Rhc8 19. Rb5 h6 20. Ngf3 Kd6 21.
c5+ bxc5 22. Nc4+ Ke7 23. Rxc5 e4 24. Nfe5 Nb4 25. Nxd7 Kxd7 26. Rxc8 Kxc8 27.
dxe4 Nc2 28. Rxa5 Rb1+ 29. Kh2 Ne1 30. e5 Nd7 31. Be4 Rc1 32. Nd6+ Kc7 33. Nxf7
Nc5 34. Bg6 d3 35. exd3 Nf3+ 36. Kg2 Ne1+ 37. Kf1 Nexd3+ 38. Ke2 Re1+ 39. Kf3
Nxe5+ 40. Nxe5 Rxe5 41. Ra7+ Nb7 42. Be4 Rb5 43. Kf4 g5+ 44. Kg4 Kc8 45. Rxb7
1-0

[Event "Copa Latina 2015"]
[Site "Vicente Lopez ARG"]
[Date "2015.03.23"]
[Round "7.37"]
[White "Aguero Arce, Matias"]
[Black "Escalante Ramirez, Brian Sebas"]
[Result "0-1"]
[WhiteElo "2035"]
[BlackElo "2365"]
[PlyCount "112"]
[EventDate "2015.03.19"]
[EventType "swiss"]
[EventRounds "9"]
[EventCountry "ARG"]
[Source "lmi"]
[SourceDate "2015.03.19"]

1. d4 Nf6 2. Nf3 g6 3. c4 Bg7 4. Nc3 d6 5. g3 O-O 6. Bg2 Nbd7 7. O-O c6 8. b3
Re8 9. Bb2 e5 10. dxe5 dxe5 11. b4 e4 12. Ng5 h6 13. Nh3 e3 14. fxe3 Ng4 15.
Qb3 Nxe3 16. Rf2 Nb6 17. Nd1 Ng4 18. Bxg7 Nxf2 19. Ndxf2 Kxg7 20. Nf4 Bf5 21.
e4 Be6 22. Nxe6+ fxe6 23. Rd1 Qe7 24. Ng4 h5 25. Qc3+ e5 26. Ne3 Rad8 27. Re1
Nd7 28. c5 b6 29. cxb6 Nxb6 30. h4 Rd4 31. b5 cxb5 32. Nd5 Nxd5 33. exd5 Qb4
34. Qxb4 Rxb4 35. d6 Rd4 36. d7 Re7 37. Bh3 a6 38. Rc1 Rdxd7 39. Bxd7 Rxd7 40.
Rc2 Rd3 41. Kf2 Ra3 42. Re2 Kf6 43. Rc2 Kf5 44. Re2 b4 45. Rc2 a5 46. Rb2 Kg4
47. Re2 Rf3+ 48. Ke1 Rxg3 49. Rxe5 Ra3 50. Rg5+ Kxh4 51. Rxg6 Rxa2 52. Kd1 b3
53. Kc1 a4 54. Rg8 Kh3 55. Rg7 a3 56. Rb7 Ra1+ 0-1

[Event "Copa Latina 2015"]
[Site "Vicente Lopez ARG"]
[Date "2015.03.23"]
[Round "7.40"]
[White "Souza, Rafael Cabral De"]
[Black "Conde, Adrian"]
[Result "0-1"]
[WhiteElo "2194"]
[BlackElo "2037"]
[PlyCount "82"]
[EventDate "2015.03.19"]
[EventType "swiss"]
[EventRounds "9"]
[EventCountry "ARG"]
[Source "lmi"]
[SourceDate "2015.03.19"]

1. c4 Nf6 2. Nc3 c5 3. g3 e6 4. Nf3 b6 5. Bg2 Bb7 6. O-O d6 7. Re1 Nbd7 8. e4
a6 9. b3 Qc7 10. Bb2 Be7 11. Rc1 O-O 12. d4 cxd4 13. Nxd4 Rac8 14. f4 Rfe8 15.
h3 Qb8 16. Kh2 Qa8 17. Rc2 Nf8 18. Rce2 Red8 19. Rd2 N6d7 20. Qe2 Nc5 21. Qh5
Bf6 22. Qe2 Ng6 23. Red1 e5 24. fxe5 Bxe5 25. Nf5 Re8 26. Nxd6 Bxd6 27. Rxd6
Nxe4 28. Nxe4 Bxe4 29. R1d2 Bxg2 30. Qxg2 Qb8 31. Qf2 b5 32. Rd7 Re7 33. Rxe7
Nxe7 34. Rd7 Re8 35. c5 Qc8 36. Rd2 h5 37. Qd4 Nf5 38. Qd5 h4 39. c6 hxg3+ 40.
Kg1 Re1+ 41. Kg2 Ne3+ 0-1

[Event "Copa Latina 2015"]
[Site "Vicente Lopez ARG"]
[Date "2015.03.23"]
[Round "7.41"]
[White "Godoy Olazabal, Artur"]
[Black "Flynn, Mariano"]
[Result "1-0"]
[WhiteElo "2154"]
[BlackElo "2033"]
[PlyCount "73"]
[EventDate "2015.03.19"]
[EventType "swiss"]
[EventRounds "9"]
[EventCountry "ARG"]
[Source "lmi"]
[SourceDate "2015.03.19"]

1. e4 c5 2. Nf3 d6 3. d4 cxd4 4. Nxd4 Nf6 5. Nc3 g6 6. f3 Bg7 7. Be3 O-O 8. g4
Nc6 9. Qd2 Bxg4 10. fxg4 Nxg4 11. Nxc6 bxc6 12. Be2 Nxe3 13. Qxe3 Rb8 14. Rb1
d5 15. Qd2 Qa5 16. b4 Rxb4 17. Nd1 Rfb8 18. Rxb4 Rxb4 19. Rf1 Qc5 20. exd5 Rb1
21. Rf3 cxd5 22. Rb3 Ra1 23. Rb8+ Bf8 24. c4 e6 25. cxd5 exd5 26. Ra8 Rc1 27.
Qh6 Rc2 28. Ne3 Rxa2 29. Kf1 Ra1+ 30. Kg2 f5 31. Nxf5 Rg1+ 32. Kh3 gxf5 33.
Qe6+ Kg7 34. Qe5+ Kg6 35. Bf3 Bg7 36. Rg8 Kf7 37. Bxd5+ 1-0

[Event "Copa Latina 2015"]
[Site "Vicente Lopez ARG"]
[Date "2015.03.23"]
[Round "7.42"]
[White "Crotti, Lucas"]
[Black "Quirhuayo, Gonzalo"]
[Result "1-0"]
[WhiteElo "2020"]
[BlackElo "2140"]
[PlyCount "89"]
[EventDate "2015.03.19"]
[EventType "swiss"]
[EventRounds "9"]
[EventCountry "ARG"]
[Source "lmi"]
[SourceDate "2015.03.19"]

1. e4 c5 2. Nf3 Nc6 3. Bb5 g6 4. O-O Bg7 5. c3 Nf6 6. Re1 O-O 7. h3 d5 8. e5
Ne8 9. d4 c4 10. b3 cxb3 11. axb3 Nc7 12. Bd3 b5 13. Bb2 Rb8 14. Nbd2 Ne6 15.
Nf1 Qb6 16. b4 a5 17. bxa5 Nxa5 18. Ba3 Re8 19. Bb4 Nc4 20. Bxc4 dxc4 21. Qd2
Nc7 22. d5 Qb7 23. Ne3 Na6 24. Ba3 f6 25. e6 f5 26. Rad1 Qb6 27. Nxf5 gxf5 28.
Qg5 b4 29. Bc1 Kh8 30. Qh5 Rf8 31. Ng5 h6 32. Be3 Qb5 33. Bd4 Rf6 34. Bxf6 exf6
35. Nf7+ Kg8 36. Qg6 Rb7 37. e7 Bd7 38. Nxh6+ Kh8 39. e8=Q+ Bxe8 40. Rxe8+ Qxe8
41. Qxe8+ Kh7 42. Nxf5 bxc3 43. Qh5+ Kg8 44. Re1 Rb8 45. Qg6 1-0

[Event "Copa Latina 2015"]
[Site "Vicente Lopez ARG"]
[Date "2015.03.23"]
[Round "7.43"]
[White "Fiori, Hector"]
[Black "Roman, Rodrigo"]
[Result "1/2-1/2"]
[WhiteElo "2136"]
[BlackElo "2006"]
[PlyCount "117"]
[EventDate "2015.03.19"]
[EventType "swiss"]
[EventRounds "9"]
[EventCountry "ARG"]
[Source "lmi"]
[SourceDate "2015.03.19"]

1. e4 g6 2. d4 d6 3. Nc3 Nf6 4. f4 Bg7 5. Nf3 c5 6. Bb5+ Bd7 7. Bxd7+ Nfxd7 8.
d5 b5 9. O-O b4 10. Na4 Qa5 11. c4 bxc3 12. Nxc3 O-O 13. Qe1 Na6 14. Qh4 Qd8
15. a3 e6 16. dxe6 fxe6 17. Qh3 Qe7 18. Ng5 Bd4+ 19. Be3 Nc7 20. Rad1 Bf6 21.
Nf3 Rad8 22. Rfe1 Bh8 23. Bc1 Nb8 24. f5 Nc6 25. Bh6 Bg7 26. Bxg7 Kxg7 27. Qg3
Kh8 28. fxg6 Rg8 29. e5 d5 30. Nh4 Nd4 31. Ne2 Nxe2+ 32. Rxe2 d4 33. Qg4 Qg7
34. Rd3 Qh6 35. Rf2 Rdf8 36. Rxf8 Rxf8 37. g7+ Qxg7 38. Qxg7+ Kxg7 39. b4 cxb4
40. axb4 Nb5 41. Nf3 Rd8 42. Ng5 Kg6 43. Nxe6 Re8 44. Nxd4 Nxd4 45. Rxd4 Rxe5
46. Kf2 a5 47. g4 axb4 48. Rxb4 h5 49. h3 Kg5 50. Kf3 hxg4+ 51. hxg4 Ra5 52.
Rb3 Rc5 53. Ra3 Rb5 54. Kg3 Rc5 55. Rb3 Ra5 56. Rf3 Rb5 57. Kh3 Ra5 58. Kg3 Rb5
59. Ra3 1/2-1/2

[Event "Copa Latina 2015"]
[Site "Vicente Lopez ARG"]
[Date "2015.03.23"]
[Round "7.45"]
[White "Arias, Juan Carlos"]
[Black "Strok, Boris"]
[Result "1-0"]
[WhiteElo "2130"]
[BlackElo "2000"]
[PlyCount "95"]
[EventDate "2015.03.19"]
[EventType "swiss"]
[EventRounds "9"]
[EventCountry "ARG"]
[Source "lmi"]
[SourceDate "2015.03.19"]

1. d4 Nf6 2. Nf3 g6 3. c4 Bg7 4. Nc3 O-O 5. e4 d6 6. Be2 e5 7. dxe5 dxe5 8.
Qxd8 Rxd8 9. Bg5 Re8 10. O-O-O Nc6 11. h3 a6 12. Rd2 h6 13. Be3 b6 14. Bd3 Bb7
15. Rhd1 Rad8 16. Bc2 Rxd2 17. Rxd2 Nd4 18. Nxd4 exd4 19. Rxd4 c5 20. Rd6 Nxe4
21. Nxe4 Bxe4 22. Bxe4 Rxe4 23. b3 Re6 24. Rxe6 fxe6 25. Kc2 g5 26. Kd3 Kf7 27.
Ke4 Kf6 28. b4 Bf8 29. bxc5 bxc5 30. g4 Bd6 31. f3 Ke7 32. Bf2 Kf7 33. h4 Kf6
34. h5 Kf7 35. Be1 Kf6 36. Bc3+ Kf7 37. Be5 Bf8 38. Bh8 Be7 39. Be5 Bf8 40. Kd3
Be7 41. Kc2 Bf8 42. Kb3 Bg7 43. Bd6 Bf8 44. Bxf8 Kxf8 45. Ka4 Ke7 46. Ka5 Kd6
47. Kxa6 Kc6 48. Ka5 1-0

[Event "Copa Latina 2015"]
[Site "Vicente Lopez ARG"]
[Date "2015.03.23"]
[Round "7.48"]
[White "Maucci, Marcelo"]
[Black "Nejanky, Maisa"]
[Result "0-1"]
[WhiteElo "1940"]
[BlackElo "2062"]
[PlyCount "74"]
[EventDate "2015.03.19"]
[EventType "swiss"]
[EventRounds "9"]
[EventCountry "ARG"]
[Source "lmi"]
[SourceDate "2015.03.19"]

1. e4 c5 2. Nf3 d6 3. d4 Nf6 4. dxc5 Qa5+ 5. Nfd2 Qxc5 6. Nc3 Bg4 7. Be2 Bxe2
8. Qxe2 a6 9. Nb3 Qc6 10. O-O Nbd7 11. Bf4 e6 12. Rad1 Ne5 13. Rfe1 Be7 14. Nd4
Qc7 15. Kh1 O-O 16. Nf3 Rac8 17. h3 b5 18. a3 Nc4 19. e5 dxe5 20. Nxe5 Nxb2 21.
Ng6 Qa7 22. Nxe7+ Qxe7 23. Bd6 Qa7 24. Bxf8 Nxd1 25. Rxd1 Kxf8 26. Rd3 g6 27.
Qd2 Kg7 28. Rf3 Ne8 29. Qf4 Qc7 30. Qd4+ e5 31. Qg4 f5 32. Qb4 Nf6 33. Rd3 Qc5
34. Qb3 Qc4 35. Qb2 Qc5 36. Qb3 e4 37. Rg3 Qxf2 0-1

[Event "Copa Latina 2015"]
[Site "Vicente Lopez ARG"]
[Date "2015.03.23"]
[Round "7.51"]
[White "Luz, Arthur Nader"]
[Black "Tierno De La Rosa, Juan"]
[Result "0-1"]
[WhiteElo "2049"]
[BlackElo "1897"]
[PlyCount "90"]
[EventDate "2015.03.19"]
[EventType "swiss"]
[EventRounds "9"]
[EventCountry "ARG"]
[Source "lmi"]
[SourceDate "2015.03.19"]

1. d4 f5 2. c4 Nf6 3. Nc3 e6 4. Qc2 Be7 5. Nf3 d6 6. Bg5 O-O 7. h4 h6 8. Bxf6
Bxf6 9. e4 c5 10. e5 dxe5 11. dxe5 Be7 12. Rd1 Qa5 13. Be2 Nc6 14. Qc1 a6 15.
O-O Qc7 16. Qe3 b6 17. Nd5 exd5 18. cxd5 Nxe5 19. Nxe5 Bd6 20. f4 Re8 21. Kh1
Bd7 22. Qb3 b5 23. Bh5 Re7 24. Nxd7 Qxd7 25. Rfe1 Re4 26. g3 Rf8 27. Kg2 Rf6
28. Bf3 c4 29. Qc2 Re8 30. Qf2 g5 31. Qd4 Rg6 32. hxg5 Rxe1 33. Rxe1 hxg5 34.
Bh5 Rh6 35. Be8 Qd8 36. Qa7 Rh7 37. Qd4 gxf4 38. Bg6 Re7 39. Rh1 Be5 40. Bh7+
Kf8 41. Qd1 Rg7 42. Rh3 fxg3 43. Bxf5 Rf7 44. Qg4 Qxd5+ 45. Be4 Qd2+ 0-1